Až tě zabiju /
Psychothriller zkušené autorky, ve kterém mistrně rozehrává příběh mladé ženy, kterou nečekaně dostihne její minulost.
Uloženo v:
| Hlavní autor: | |
|---|---|
| Další autoři: | |
| Médium: | Kniha |
| Jazyk: | Czech |
| Vydáno: |
V Praze :
Motto,
2026
|
| Vydání: | 1. vydání |
| Témata: | |
| Celkem bylo vypůjčeno: | 0x |
| Tagy: |
Žádné tagy |
| LEADER | 02213nam a2200457 i 4500 | ||
|---|---|---|---|
| 001 | 106474 | ||
| 003 | CZ PrNK | ||
| 005 | 20260604144212.0 | ||
| 007 | ta | ||
| 008 | 260519s2026 xr g 000 f cze | ||
| 015 | |a cnb003759137 | ||
| 020 | |a 9788026760795 |q (vázáno) : |c Kč 449,00 | ||
| 040 | |a ABG001 |b cze |e rda | ||
| 041 | 1 | |a cze |h eng | |
| 072 | 7 | |a 821.111-3 |x Anglická próza, anglicky psaná |2 Konspekt |9 25 | |
| 080 | |a 821.111-31 |2 MRF | ||
| 080 | |a (0:82-311.1) |2 MRF | ||
| 080 | |a (0:82-312.4) |2 MRF | ||
| 100 | 1 | |a Paris, B. A. |7 ola2017954767 |4 aut |9 31272 | |
| 240 | 1 | 0 | |a When I kill you. |l Česky |
| 245 | 1 | 0 | |a Až tě zabiju / |c B.A. Paris ; přeložila Markéta Jansová |
| 250 | |a 1. vydání | ||
| 264 | 1 | |a V Praze : |b Motto, |c 2026 | |
| 300 | |a 312 stran ; |c 21 cm | ||
| 336 | |a text |b txt |2 rdacontent | ||
| 337 | |a bez média |b n |2 rdamedia | ||
| 338 | |a svazek |b nc |2 rdacarrier | ||
| 500 | |a Přeloženo z angličtiny | ||
| 520 | 2 | |a Psychothriller zkušené autorky, ve kterém mistrně rozehrává příběh mladé ženy, kterou nečekaně dostihne její minulost. |b Nell je přesvědčena o tom, že ji někdo sleduje. Někdo, kdo je jí neustále v patách a dokonce se pohybuje v její domě. Někdo, kdo zná její temné tajemství. O čtrnáct let dříve se ještě jako Elle zapletla do vyšetřování vraždy a její posedlost dopadením vraha měla za následek sérii lidských tragédií. Nyní se pod identitou Nell snaží utéct před nepříjemnou minulostí, ale současnost je mnohem děsivější. Nakladatelská anotace. Kráceno. | |
| 655 | 7 | |a anglické romány |7 fd131814 |2 czenas |9 53421 | |
| 655 | 7 | |a psychologické romány |7 fd278579 |2 czenas |9 109 | |
| 655 | 7 | |a thrillery (romány) |7 fd184206 |2 czenas |9 54254 | |
| 655 | 9 | |a English fiction |2 eczenas | |
| 655 | 9 | |a psychological novels |2 eczenas | |
| 655 | 9 | |a thrillers (novels) |2 eczenas | |
| 700 | 1 | |a Jansová, Markéta, |d 1982- |7 pna2005292368 |4 trl |9 108093 | |
| 710 | 2 | |a Motto (nakladatelství) |7 xx0183724 |4 pbl |9 117173 | |
| 910 | |a UOG502 | ||
| 942 | |2 ddc |c KN | ||
| 999 | |d 106474 | ||
| 993 | |0 0 |1 421180107193 |2 ddc |4 0 |7 0 |9 99917 |b 0 |c 107193 |d 2026-06-04 |e 0 |f DOSP |h 449.00 |i Koupě |l DOSP |r 2026-06-05 |t 6 |w 2026-06-04 |y KN |z BELET |n | ||